00688 a2200193 4500999001500000020002500015050002000040100003500060245013100095250001900226264004400245300002200289500001900311504005100330650001500381650003100396700003600427942003100463 c5994d5994 a9780199664504 (hbk.)00aQC 184 GIL 20131 aGillespie, Daniel T.,eauthor.10aSimple Brownian diffusion :ban introduction to the standard theoretical models /cDaniel T. Gillespie & Effrosyni Seitaridou. aFirst edition. aOxford:bOxford University Press,c2013 axiv, 273p.:bill. aIncludes index aIncludes bibliographical references and index. 0aDiffusion. 0aBrownian motion processes.1 aSeitaridou, Effrosyni,eauthor. 2lcccBKe1sth184iGILkQC